<?xml version="1.0" encoding="UTF-8"?>
<record
    xmlns:xsi="http://www.w3.org/2001/XMLSchema-instance"
    xsi:schemaLocation="http://www.loc.gov/MARC21/slim http://www.loc.gov/standards/marcxml/schema/MARC21slim.xsd"
    xmlns="http://www.loc.gov/MARC21/slim">

  <leader>01966cam a2200289   4500500</leader>
  <controlfield tag="005">20260412000708.0</controlfield>
  <datafield tag="041" ind1=" " ind2=" ">
    <subfield code="a">fre</subfield>
  </datafield>
  <datafield tag="042" ind1=" " ind2=" ">
    <subfield code="a">dc</subfield>
  </datafield>
  <datafield tag="100" ind1="1" ind2="0">
    <subfield code="a">Amer Meziane, Mohamed</subfield>
    <subfield code="e">author</subfield>
  </datafield>
  <datafield tag="245" ind1="0" ind2="0">
    <subfield code="a">Marx ou le f&#xE9;tichisme invers&#xE9;. Comment l&#x2019;anthropologie de &#xAB;&#xA0;la religion&#xA0;&#xBB; d&#xE9;limite la critique terrestre</subfield>
  </datafield>
  <datafield tag="260" ind1=" " ind2=" ">
    <subfield code="c">2018.
							</subfield>
  </datafield>
  <datafield tag="500" ind1=" " ind2=" ">
    <subfield code="a">19</subfield>
  </datafield>
  <datafield tag="520" ind1=" " ind2=" ">
    <subfield code="a">Cet article montre que l&#x2019;anthropologie religieuse est le point aveugle du marxisme. Il renvoie dos-&#xE0;-dos l&#x2019;ath&#xE9;isme communiste et les th&#xE9;ologies de la r&#xE9;volution en les saisissant comme deux faces d&#x2019;une m&#xEA;me h&#xE9;g&#xE9;monie biblique s&#x2019;exer&#xE7;ant sur le langage des luttes d&#x2019;&#xE9;mancipation. Il analyse ensuite la fa&#xE7;on dont la construction crois&#xE9;e des concepts de religion et d&#x2019;ali&#xE9;nation limite la critique du capitalisme et de l&#x2019;&#xC9;tat. La critique terrestre devrait donc &#xEA;tre refond&#xE9;e si l&#x2019;anthropologie qui la soutenait s&#x2019;&#xE9;croule.</subfield>
  </datafield>
  <datafield tag="520" ind1=" " ind2=" ">
    <subfield code="a">The article shows religious anthropology to be the blind spot in Marxism. It thus explains how Communist &#xAB;&#xA0;atheism&#xA0;&#xBB; and Liberation &#xAB;&#xA0;theologies&#xA0;&#xBB; are merely two faces of the same Biblical hegemony defining the discourses of liberation struggles. Having analyzed how the reciprocity between the construction of the concepts of religion and of alienation has constrained the critique of capitalism and of the State, it concludes that the emergence of a renovated terrestrial critique would ensue from the collapse of the anthropological foundations which until now have underpinned it.</subfield>
  </datafield>
  <datafield tag="690" ind1=" " ind2=" ">
    <subfield code="a">ali&#xE9;nation</subfield>
  </datafield>
  <datafield tag="690" ind1=" " ind2=" ">
    <subfield code="a">anthropologie</subfield>
  </datafield>
  <datafield tag="690" ind1=" " ind2=" ">
    <subfield code="a">biblisme</subfield>
  </datafield>
  <datafield tag="690" ind1=" " ind2=" ">
    <subfield code="a">critique</subfield>
  </datafield>
  <datafield tag="690" ind1=" " ind2=" ">
    <subfield code="a">&#xC9;tat</subfield>
  </datafield>
  <datafield tag="690" ind1=" " ind2=" ">
    <subfield code="a">alienation</subfield>
  </datafield>
  <datafield tag="690" ind1=" " ind2=" ">
    <subfield code="a">anthropology</subfield>
  </datafield>
  <datafield tag="690" ind1=" " ind2=" ">
    <subfield code="a">biblicism</subfield>
  </datafield>
  <datafield tag="690" ind1=" " ind2=" ">
    <subfield code="a">critique</subfield>
  </datafield>
  <datafield tag="690" ind1=" " ind2=" ">
    <subfield code="a">State</subfield>
  </datafield>
  <datafield tag="786" ind1="0" ind2=" ">
    <subfield code="n">Actuel Marx | 64 | 2 | 2018-09-12 | p. 30-46 | 0994-4524</subfield>
  </datafield>
  <datafield tag="856" ind1="4" ind2="1">
    <subfield code="u">https://shs.cairn.info/revue-actuel-marx-2018-2-page-30?lang=fr&amp;redirect-ssocas=7080</subfield>
  </datafield>
  <datafield tag="999" ind1=" " ind2=" ">
    <subfield code="c">2210940</subfield>
    <subfield code="d">2210940</subfield>
  </datafield>
</record>
